000 00379 a2200133 4500
001 ART_63893
005 20260410161803.0
008 260409a
245 1 0 _aLey 27799 de inocencia fiscal
100 1 _aSenese, Camila M.
700 1 _aRosenzvit, Eial
700 1 _aSemachowicz, Esteban D.
773 0 _tDoctrina tributaria
_g- NÂș 551 (feb. 2026)
_wREV4296
999 _c20741
_d20741